Central Library OPAC University of Rajshahi

The art of Tagore songs / (Record no. 63775)

MARC details
000 -LEADER
fixed length control field 01161nam a2200313 a 4500
001 - CONTROL NUMBER
control field 63775
003 - CONTROL NUMBER IDENTIFIER
rucl marc code BD-RjUL
005 - DATE AND TIME OF LATEST TRANSACTION
control field 20211209081231.0
008 - FIXED-LENGTH DATA ELEMENTS--GENERAL INFORMATION
fixed length control field 170204s2011 bg a b 011 0 eng d
020 ## - INTERNATIONAL STANDARD BOOK NUMBER
International Standard Book Number 9847012401255
035 ## - SYSTEM CONTROL NUMBER
System control number (BD-RjUL)63905
040 ## - CATALOGING SOURCE
Original cataloging agency DLC
Transcribing agency DLC
Modifying agency DLC
Language of cataloging eng
041 ## - LANGUAGE CODE
Language code of text/sound track or separate title eng
082 ## - DEWEY DECIMAL CLASSIFICATION NUMBER
Edition number 23
Classification number 891.4414
Author mark and year GOA 2011
100 1# - MAIN ENTRY--PERSONAL NAME
Personal name Gosvāmī, Karuṇāmaẏa,
Dates associated with a name 1943-
9 (RLIN) 189313
245 14 - TITLE STATEMENT
Title The art of Tagore songs /
Statement of responsibility, etc. Karunamaya Goswami.
246 30 - VARYING FORM OF TITLE
Title proper/short title Tagore songs
260 ## - PUBLICATION, DISTRIBUTION, ETC. (IMPRINT)
Place of publication, distribution, etc. Dhaka :
Name of publisher, distributor, etc. Shahitya Prakash,
Date of publication, distribution, etc. 2011.
300 ## - PHYSICAL DESCRIPTION
Pagination xiii, 483 p. :
Illustrations ill. ;
Size 25 cm.
500 ## - GENERAL NOTE
General note "A tribute to Tagore on his 150th birth anniversary from the world's local bank, HSBC."
504 ## - BIBLIOGRAPHY, ETC. NOTE
Bibliography, etc Includes bibliographical references (p. [473]-475) and index.
Bibliography, etc "Books of Rabindranath Tagore"--p. 476-478.
600 10 - SUBJECT ADDED ENTRY--PERSONAL NAME
Personal name Tagore, Rabindranath,
Dates associated with a name 1861-1941
General subdivision Criticism and interpretation.
650 #0 - SUBJECT ADDED ENTRY--TOPICAL TERM
Topical term or geographic name as entry element Songs, Bengali
Geographic subdivision India
General subdivision History and criticism.
9 (RLIN) 189315
700 1# - ADDED ENTRY--PERSONAL NAME
Personal name Tagore, Rabindranath,
Dates associated with a name 1861-1941.
710 2# - ADDED ENTRY--CORPORATE NAME
Corporate name or jurisdiction name as entry element Hongkong and Shanghai Banking Corporation.
9 (RLIN) 189316
942 ## - ADDED ENTRY ELEMENTS (KOHA)
Source of classification or shelving scheme Dewey Decimal Classification
Koha item type Books
Holdings
Lost status Source of classification or shelving scheme Damaged status Not for loan Collection code Permanent Location Current Location Shelving location Date acquired Source of acquisition Total Checkouts Full call number Date last seen Copy number Koha item type
  Dewey Decimal Classification   Not For Loan Non-fiction Central Library, University of Rajshahi Central Library, University of Rajshahi Reading Room 12/07/2011 V.C.R.U.   891.4414 GOA 2011 04/02/2017 C-1 Books